000 00584nam a2200181Ia 4500
003 GCL
008 140319s9999 xx 000 0 ara d
040 _aGCL /
_cGCL
082 0 4 _a953
_bا ف
100 1 _aاحمد الشامى
245 1 0 _aفى تاريخ العرب والاسلام: حضارة العرب قبل الاسلام - حياة محمد ظهور الاسلام /
_cاحمد الشامى
300 _a319 ص
490 _aكتاب
_v0
650 0 4 _aالعصر الجاهلى
650 0 4 _aالتاريخ الاسلامى
650 0 4 _aالعرب
942 _2ddc
_cBK
999 _c42179
_d42179